000 00574cam a22002053a 4500
001 39685
003 PGUSA
005 20140828083900.0
008 120513s2012||||xxu|||||s|||||000 | eng d
040 _aPGUSA
_beng
042 _adc
100 1 _aFea, Allan,
_d1860-1956
245 1 0 _aNooks and Corners of Old England
_h[electronic resource] /
_cAllan Fea
260 _bProject Gutenberg,
_c2012
506 _aPublic domain in the USA.
516 _aElectronic text
830 0 _aProject Gutenberg
_v39685
856 4 0 _uhttp://www.gutenberg.org/ebooks/39685
942 _cEB
999 _c268938
_d268938